[Event "Aut_chT1112"]
[Site "Jenbach"]
[Date "2012.03.03"]
[Round "6"]
[Board "6"]
[White "Exler, Veronika"]
[Black "Radnetter, Georg"]
[Result "0-1"]
[WhiteElo "2123"]
[BlackElo "2269"]
[PlyCount "64"]
[EventDate "2012.01.20"]
[EventType "team"]
[EventRounds "11"]
[EventCountry "AUT"]
[WhiteTeam "ASVOE Wulkaprodersdorf"]
[BlackTeam "SK Sparkasse Fuerstenfeld"]

1. e4 e6 2. d4 d5 3. Nc3 Nf6 4. e5 Nfd7 5. f4 c5 6. Nf3 Nc6 7. Be3 Rb8 8. Qd2
Qa5 9. Be2 b5 10. O-O b4 11. Nd1 Ba6 12. Bxa6 Qxa6 13. g4 h5 14. h3 hxg4 15.
hxg4 cxd4 16. Nxd4 Nxd4 17. Bxd4 Bc5 18. Nf2 Qc4 19. Bxc5 Nxc5 20. b3 Ne4 21.
Qd3 Qc5 22. Rae1 Nxf2 23. Rxf2 Rh1+ 24. Kxh1 Qxf2 25. Qe2 Qxf4 26. Rf1 Qg3 27.
Qf3 Qxf3+ 28. Rxf3 Rc8 29. Rf2 Rc3 30. Kg2 Re3 31. Rf4 a5 32. Kf2 Rc3 0-1

[Event "Aut_chT1112"]
[Site "Jenbach"]
[Date "2012.03.03"]
[Round "6"]
[Board "1"]
[White "Ragger, Markus"]
[Black "Rozentalis, Eduardas"]
[Result "1/2-1/2"]
[WhiteElo "2654"]
[BlackElo "2601"]
[PlyCount "82"]
[EventDate "2012.01.20"]
[EventType "team"]
[EventRounds "11"]
[EventCountry "AUT"]
[WhiteTeam "SK MPOE Maria Saal"]
[BlackTeam "SK Hohenems"]

1. Nf3 Nf6 2. c4 b6 3. g3 Bb7 4. Bg2 e6 5. O-O Be7 6. d4 O-O 7. d5 exd5 8. Nh4
c6 9. cxd5 Nxd5 10. Nf5 Nc7 11. Nc3 d5 12. e4 Bf6 13. exd5 Nxd5 14. Nxd5 cxd5
15. Bf4 Nc6 16. Bxd5 Na5 17. Bxb7 Qxd1 18. Raxd1 Nxb7 19. b4 Nd8 20. Rfe1 Ne6
21. Be5 Bxe5 22. Ne7+ Kh8 23. Rxe5 Rfd8 24. Rxd8+ Rxd8 25. Nc6 Rd7 26. Re3 h6
27. Ra3 Rd1+ 28. Kg2 Nd4 29. Nxa7 Rb1 30. Nc8 Rxb4 31. Nd6 f6 32. Ra8+ Kh7 33.
Ne8 Nf5 34. Ra7 Kg8 35. Nc7 h5 36. h3 Rd4 37. a4 Rd7 38. Ra8+ Kf7 39. Nb5 Nd6
40. Nxd6+ Rxd6 41. a5 bxa5 1/2-1/2

[Event "Aut_chT1112"]
[Site "Jenbach"]
[Date "2012.03.03"]
[Round "6"]
[Board "2"]
[White "Bindrich, Falko"]
[Black "Pavasovic, Dusko"]
[Result "0-1"]
[WhiteElo "2542"]
[BlackElo "2557"]
[PlyCount "77"]
[EventDate "2012.01.20"]
[EventType "team"]
[EventRounds "11"]
[EventCountry "AUT"]
[WhiteTeam "SK Hohenems"]
[BlackTeam "SK MPOE Maria Saal"]

1. e4 e5 2. Nf3 Nf6 3. Nxe5 d6 4. Nf3 Nxe4 5. d4 d5 6. Bd3 Nc6 7. O-O Be7 8. c4
Nf6 9. Nc3 Be6 10. cxd5 Nxd5 11. Ne4 h6 12. h3 O-O 13. Re1 Nf6 14. Ng3 Bb4 15.
Re3 Bd6 16. Ne4 Bd5 17. Nxd6 Qxd6 18. Bd2 Bxf3 19. Rxf3 Nxd4 20. Rg3 Rad8 21.
Bc3 c5 22. Qa4 Rfe8 23. Bxd4 Qxd4 24. Qxa7 Nh5 25. Rf3 Nf4 26. Qxb7 Nxd3 27.
Qxf7+ Kh8 28. Rd1 c4 29. b3 Qb2 30. Qh5 Qc2 31. Rf7 Nf4 32. Rxd8 Rxd8 33. Qe5
Qg6 34. Rxf4 cxb3 35. axb3 Qb1+ 36. Kh2 Qxb3 37. Rf6 Kg8 38. Rg6 Qf7 39. Qg3
0-1

[Event "Aut_chT1112"]
[Site "Jenbach"]
[Date "2012.03.03"]
[Round "6"]
[Board "3"]
[White "Tratar, Marko"]
[Black "Atlas, Valery"]
[Result "1-0"]
[WhiteElo "2499"]
[BlackElo "2413"]
[PlyCount "113"]
[EventDate "2012.01.20"]
[EventType "team"]
[EventRounds "11"]
[EventCountry "AUT"]
[WhiteTeam "SK MPOE Maria Saal"]
[BlackTeam "SK Hohenems"]

1. c4 c5 2. g3 Nf6 3. Bg2 e6 4. Nf3 a6 5. Nc3 b6 6. d4 cxd4 7. Nxd4 Ra7 8. O-O
Be7 9. e4 d6 10. Qe2 O-O 11. Rd1 Nfd7 12. b3 Rc7 13. Ba3 b5 14. Bb4 bxc4 15.
Ba5 Bb7 16. Bxc7 Qxc7 17. Qxc4 Qb6 18. Na4 Qa7 19. Rac1 Qa8 20. Qe2 Bd8 21. Nc2
Nf6 22. Nc3 Bc7 23. b4 Nbd7 24. Ne3 Qb8 25. a3 h5 26. Nc4 h4 27. Rc2 hxg3 28.
hxg3 Rc8 29. Qd3 Ne8 30. Rdc1 Rd8 31. Qd4 Ndf6 32. Rd1 d5 33. exd5 Nxd5 34.
Nxd5 Bxd5 35. Qc3 Nf6 36. Bxd5 exd5 37. Nd2 Bb6 38. Qf3 Re8 39. Nb3 Qa7 40. Kg2
a5 41. bxa5 Bxa5 42. Nxa5 Qxa5 43. Rdc1 Qa8 44. Rc7 Rf8 45. Rb1 Qd8 46. Rcb7 d4
47. a4 Qd6 48. R7b6 Qd7 49. a5 d3 50. Rb8 d2 51. Rxf8+ Kxf8 52. a6 Kg8 53. Qb7
d1=Q 54. Rxd1 Qxd1 55. a7 Qh5 56. a8=Q+ Kh7 57. Qb1+ 1-0

[Event "Aut_chT1112"]
[Site "Jenbach"]
[Date "2012.03.03"]
[Round "6"]
[Board "4"]
[White "Froewis, Georg"]
[Black "Kreisl, Robert"]
[Result "1/2-1/2"]
[WhiteElo "2407"]
[BlackElo "2400"]
[PlyCount "65"]
[EventDate "2012.01.20"]
[EventType "team"]
[EventRounds "11"]
[EventCountry "AUT"]
[WhiteTeam "SK Hohenems"]
[BlackTeam "SK MPOE Maria Saal"]

1. e4 c6 2. d4 d5 3. exd5 cxd5 4. Bd3 Nc6 5. c3 Qc7 6. Nf3 Bg4 7. O-O e6 8. Re1
Be7 9. Nbd2 Nf6 10. Nf1 Bh5 11. Bg5 Bg6 12. Bh4 Bxd3 13. Qxd3 Nh5 14. Bxe7 Qxe7
15. Ne3 Qd7 16. Ng4 Nf4 17. Qe3 Ng6 18. Nge5 Ngxe5 19. Nxe5 Nxe5 20. Qxe5 O-O
21. Re3 Rad8 22. Rae1 Rde8 23. Qg5 Re7 24. f4 f6 25. Qg4 Rfe8 26. Qe2 Qd6 27.
Qf3 e5 28. fxe5 fxe5 29. dxe5 Rxe5 30. Rxe5 Rxe5 31. Rf1 Qe7 32. h3 h6 33. a3
1/2-1/2

[Event "Aut_chT1112"]
[Site "Jenbach"]
[Date "2012.03.03"]
[Round "6"]
[Board "5"]
[White "Halvax, Georg"]
[Black "Novkovic, Milan"]
[Result "1/2-1/2"]
[WhiteElo "2277"]
[BlackElo "2381"]
[PlyCount "62"]
[EventDate "2012.01.20"]
[EventType "team"]
[EventRounds "11"]
[EventCountry "AUT"]
[WhiteTeam "SK MPOE Maria Saal"]
[BlackTeam "SK Hohenems"]

1. e4 e6 2. d4 d5 3. Nc3 dxe4 4. Nxe4 Nd7 5. Nf3 Ngf6 6. Nxf6+ Nxf6 7. Bg5 Be7
8. c3 O-O 9. Bd3 b6 10. Qc2 h6 11. Bxf6 Bxf6 12. Bh7+ Kh8 13. Be4 Rb8 14. h4
Bb7 15. g4 Bxe4 16. Qxe4 Qd5 17. Qxd5 exd5 18. g5 Be7 19. Ne5 Bd6 20. Kd2 Bxe5
21. dxe5 Kh7 22. Rhg1 Rbe8 23. Rae1 Re7 24. gxh6 Kxh6 25. Rg5 Rfe8 26. f4 f6
27. exf6 Rxe1 28. f7 R1e2+ 29. Kd1 Re1+ 30. Kd2 R1e2+ 31. Kd1 Re1+ 1/2-1/2

[Event "Aut_chT1112"]
[Site "Jenbach"]
[Date "2012.03.03"]
[Round "6"]
[Board "1"]
[White "Fauland, Alexander"]
[Black "Bosiocic, Marin"]
[Result "1-0"]
[WhiteElo "2452"]
[BlackElo "2562"]
[PlyCount "133"]
[EventDate "2012.01.20"]
[EventType "team"]
[EventRounds "11"]
[EventCountry "AUT"]
[WhiteTeam "ASVOE Poechlarn/Mauerbach"]
[BlackTeam "ASVOE Signum Druck St. Veit/Glan"]

1. d4 Nf6 2. Nf3 g6 3. Bf4 Bg7 4. e3 O-O 5. Be2 d6 6. h3 Nbd7 7. O-O b6 8. c4
Bb7 9. Nc3 Ne4 10. Nxe4 Bxe4 11. Bh2 c5 12. Qa4 Qc8 13. Rfd1 Qb7 14. Rd2 Rac8
15. d5 Bxf3 16. Bxf3 a6 17. Be2 Rb8 18. Rc1 b5 19. Qd1 Qb6 20. b3 Qa5 21. Rdc2
Nb6 22. Qf1 Qa3 23. Bg3 b4 24. Rb1 a5 25. e4 a4 26. Kh2 axb3 27. axb3 Ra8 28.
Bd1 Qa7 29. f4 Qc7 30. Re2 Nd7 31. Bc2 Ra6 32. Qf3 Rfa8 33. Rf1 Nf6 34. Kh1 Ra1
35. Bb1 Rf8 36. e5 Nh5 37. Bh2 f5 38. exf6 Bxf6 39. g4 Ng7 40. Qe4 Rfa8 41. Kg2
R8a3 42. Qc2 Qc8 43. Bg3 e6 44. f5 exf5 45. Bxd6 Ra6 46. Be7 Bd4 47. Qd2 Rxb1
48. Rxb1 fxg4 49. Qf4 gxh3+ 50. Kh2 Nh5 51. Qf3 Qb8+ 52. d6 Rxd6 53. Kxh3 Rf6
54. Bxf6 Nf4+ 55. Kg4 h5+ 56. Kg5 Bxf6+ 57. Kxf6 Qf8+ 58. Ke5 Qf5+ 59. Kd6 Qf6+
60. Kd7 Qf5+ 61. Kc6 Nxe2 62. Qxf5 gxf5 63. Kxc5 Kf7 64. Re1 Ng3 65. Kd5 f4 66.
Ke5 f3 67. Re3 1-0

[Event "Aut_chT1112"]
[Site "Jenbach"]
[Date "2012.03.03"]
[Round "6"]
[Board "2"]
[White "Prohaszka, Peter"]
[Black "Farago, Ivan"]
[Result "1/2-1/2"]
[WhiteElo "2553"]
[BlackElo "2500"]
[PlyCount "110"]
[EventDate "2012.01.20"]
[EventType "team"]
[EventRounds "11"]
[EventCountry "AUT"]
[WhiteTeam "ASVOE Signum Druck St. Veit/Glan"]
[BlackTeam "ASVOE Poechlarn/Mauerbach"]

1. d4 Nf6 2. c4 e6 3. g3 d5 4. Bg2 dxc4 5. Nf3 Nc6 6. Qa4 Bb4+ 7. Bd2 Nd5 8.
Bxb4 Ndxb4 9. O-O Rb8 10. Nc3 a6 11. Ne5 O-O 12. Nxc6 Nxc6 13. Bxc6 bxc6 14.
Qxc4 Qd6 15. Ne4 Qd5 16. Qxd5 exd5 17. Nc5 Rxb2 18. e3 Bf5 19. f3 a5 20. g4 Bg6
21. Rf2 Rfb8 22. Raf1 f6 23. Kg2 Kf7 24. Kg3 Ke7 25. Rxb2 Rxb2 26. Rf2 Rb1 27.
Rg2 h5 28. h3 Bf7 29. h4 hxg4 30. Kxg4 g6 31. a4 Re1 32. Kf4 Rh1 33. Kg3 Re1
34. Kf4 Rh1 35. Kg3 Re1 36. Kf2 Rh1 37. Rg1 Rxh4 38. Rb1 Rh2+ 39. Kg3 Re2 40.
Rb7 Kd6 41. Rb3 g5 42. Nb7+ Kd7 43. Nxa5 c5 44. dxc5 d4 45. Rd3 Rxe3 46. Rxd4+
Kc8 47. Nc6 Be8 48. Kf2 Re6 49. Rd8+ Kb7 50. Nd4 Re5 51. a5 Ka6 52. Ra8+ Kb7
53. Rd8 Ka6 54. Ra8+ Kb7 55. Rd8 Ka6 1/2-1/2

[Event "Aut_chT1112"]
[Site "Jenbach"]
[Date "2012.03.03"]
[Round "6"]
[Board "3"]
[White "Poetsch, Hagen"]
[Black "Rogic, Davor"]
[Result "1/2-1/2"]
[WhiteElo "2432"]
[BlackElo "2571"]
[PlyCount "173"]
[EventDate "2012.01.20"]
[EventType "team"]
[EventRounds "11"]
[EventCountry "AUT"]
[WhiteTeam "ASVOE Poechlarn/Mauerbach"]
[BlackTeam "ASVOE Signum Druck St. Veit/Glan"]

1. e4 e5 2. Nf3 Nc6 3. Bb5 Nf6 4. O-O Nxe4 5. Re1 Nd6 6. Nxe5 Be7 7. Bf1 Nf5 8.
c3 Nxe5 9. Rxe5 g6 10. d4 O-O 11. Nd2 d5 12. Nf3 Bd6 13. Re1 f6 14. Qb3 c6 15.
Bd2 Qb6 16. c4 Qxb3 17. axb3 Bd7 18. Bd3 Kf7 19. h4 h5 20. c5 Bc7 21. b4 a6 22.
g3 Rfe8 23. Kg2 Ng7 24. Rxe8 Rxe8 25. Re1 Rg8 26. Ng1 Bf5 27. Bxf5 Nxf5 28. Nf3
Ng7 29. Kf1 Ne6 30. Ke2 g5 31. Kd3 Rg6 32. Rh1 g4 33. Ng1 Rg8 34. Ne2 Re8 35.
Rf1 Ng7 36. f3 Kg6 37. fxg4 hxg4 38. Bf4 Bxf4 39. Nxf4+ Kf7 40. Ng2 Nh5 41. Ne3
Re4 42. Nf5 Kg6 43. b3 Re6 44. Nd6 Re7 45. Nf5 Re4 46. Nd6 Nxg3 47. Rf2 Re6 48.
Rg2 Ne4 49. Rxg4+ Kh5 50. Rg7 Nxd6 51. cxd6 Rxd6 52. Rxb7 Re6 53. Rh7+ Kg4 54.
Rh6 Kf5 55. Rh8 Kf4 56. Ra8 f5 57. Rxa6 Kf3 58. h5 f4 59. h6 Kg3 60. h7 Rh6 61.
Rxc6 Rxh7 62. b5 Rf7 63. Rg6+ Kf2 64. Rd6 Rf5 65. b6 Rf7 66. Rxd5 f3 67. Kc4
Ke3 68. Re5+ Kd2 69. Ra5 f2 70. Ra1 Rf8 71. Kb5 Kc3 72. d5 f1=Q+ 73. Rxf1 Rxf1
74. b7 Rb1 75. Kc6 Rxb3 76. d6 Kc2 77. d7 Rc3+ 78. Kd6 Rd3+ 79. Ke6 Re3+ 80.
Kd5 Rb3 81. Kc6 Rc3+ 82. Kb6 Rb3+ 83. Kc6 Re3 84. Kd5 Rb3 85. Ke6 Re3+ 86. Kf5
Rf3+ 87. Ke5 1/2-1/2

[Event "Aut_chT1112"]
[Site "Jenbach"]
[Date "2012.03.03"]
[Round "6"]
[Board "5"]
[White "Kostic, Vladimir"]
[Black "Kaspret, Guido"]
[Result "1-0"]
[WhiteElo "2424"]
[BlackElo "2292"]
[PlyCount "103"]
[EventDate "2012.01.20"]
[EventType "team"]
[EventRounds "11"]
[EventCountry "AUT"]
[WhiteTeam "ASVOE Poechlarn/Mauerbach"]
[BlackTeam "ASVOE Signum Druck St. Veit/Glan"]

1. Nf3 c5 2. c3 Nf6 3. d4 e6 4. e3 b6 5. Nbd2 Bb7 6. Bd3 Be7 7. Qe2 d5 8. Ne5
O-O 9. O-O Ne4 10. Rd1 f6 11. Nef3 Nxd2 12. Bxd2 c4 13. Bc2 f5 14. b3 b5 15.
Rdb1 Ba6 16. Ne5 Bd6 17. f4 Nd7 18. Be1 Nxe5 19. fxe5 Be7 20. bxc4 bxc4 21. Ba4
Qc7 22. Qc2 Rab8 23. Bd2 Ba3 24. h3 Rfd8 25. Kh2 Be7 26. Qd1 Rb6 27. Rxb6 axb6
28. Rb1 g6 29. Qc2 Ra8 30. Qb2 Bc8 31. Bb5 Ra3 32. Qc2 Qa7 33. Rb2 Kf7 34. Qb1
h5 35. Bc6 Bd8 36. Bb5 h4 37. e4 dxe4 38. Bxc4 Qc7 39. Bb3 Ba6 40. Qc1 Bd3 41.
Bg5 Kg7 42. Qf4 Bxg5 43. Qxg5 Qf7 44. Qxh4 Ra8 45. Bd1 f4 46. Rxb6 f3 47. Rb2
Rh8 48. Qf6+ Qxf6 49. exf6+ Kxf6 50. gxf3 Rc8 51. fxe4 Rxc3 52. Rf2+ 1-0

[Event "Aut_chT1112"]
[Site "Jenbach"]
[Date "2012.03.03"]
[Round "6"]
[Board "6"]
[White "Hebesberger, Thomas"]
[Black "Penz, Harald"]
[Result "1/2-1/2"]
[WhiteElo "2329"]
[BlackElo "2349"]
[PlyCount "61"]
[EventDate "2012.01.20"]
[EventType "team"]
[EventRounds "11"]
[EventCountry "AUT"]
[WhiteTeam "ASVOE Signum Druck St. Veit/Glan"]
[BlackTeam "ASVOE Poechlarn/Mauerbach"]

1. c4 e6 2. Nf3 d5 3. e3 Nf6 4. b3 Be7 5. Bb2 O-O 6. d4 b6 7. Bd3 dxc4 8. bxc4
Bb7 9. O-O c5 10. Nbd2 Nbd7 11. Qe2 Qc7 12. Rfd1 Bd6 13. Rac1 Rfe8 14. Nf1 e5
15. dxe5 Nxe5 16. Bxe5 Bxe5 17. Ng3 Rad8 18. Qc2 Qc6 19. Bf1 Bc7 20. Qf5 Bc8
21. Qg5 h6 22. Qh4 Rd6 23. Rxd6 Bxd6 24. Bd3 Bxg3 25. Qxg3 Rd8 26. Be2 Qd6 27.
Qh4 Bb7 28. h3 Qc7 29. a3 Bxf3 30. Bxf3 Qe5 31. Bd5 1/2-1/2

[Event "Aut_chT1112"]
[Site "Jenbach"]
[Date "2012.03.03"]
[Round "6"]
[Board "1"]
[White "Lenic, Luka"]
[Black "Prusikin, Michael"]
[Result "1/2-1/2"]
[WhiteElo "2637"]
[BlackElo "2545"]
[PlyCount "60"]
[EventDate "2012.01.20"]
[EventType "team"]
[EventRounds "11"]
[EventCountry "AUT"]
[WhiteTeam "SV Raika Rapid Feffernitz"]
[BlackTeam "SIR Bernhard Glatz"]

1. d4 d5 2. c4 e6 3. Nc3 Be7 4. Nf3 Nf6 5. Bg5 h6 6. Bh4 O-O 7. e3 b6 8. Bd3
dxc4 9. Bxc4 Bb7 10. O-O a6 11. Qe2 b5 12. Bd3 Nbd7 13. Rfd1 Qe8 14. Rac1 c5
15. Bb1 Rc8 16. Bg3 Nb6 17. dxc5 Rxc5 18. a3 Qa8 19. Na2 Rfc8 20. Rxc5 Rxc5 21.
Nb4 Rc8 22. Nd3 Ne4 23. Be5 Nc4 24. h3 Rd8 25. Bd4 Bf8 26. Nde5 Nxe5 27. Bxe5
Rxd1+ 28. Qxd1 Qc8 29. Qc2 Qxc2 30. Bxc2 f6 1/2-1/2

[Event "Aut_chT1112"]
[Site "Jenbach"]
[Date "2012.03.03"]
[Round "6"]
[Board "2"]
[White "Bromberger, Stefan"]
[Black "Sebenik, Matej"]
[Result "0-1"]
[WhiteElo "2513"]
[BlackElo "2529"]
[PlyCount "82"]
[EventDate "2012.01.20"]
[EventType "team"]
[EventRounds "11"]
[EventCountry "AUT"]
[WhiteTeam "SIR Bernhard Glatz"]
[BlackTeam "SV Raika Rapid Feffernitz"]

1. Nf3 Nf6 2. c4 g6 3. Nc3 Bg7 4. e4 d6 5. d4 O-O 6. Be2 e5 7. O-O exd4 8. Nxd4
Re8 9. f3 c6 10. Kh1 Nbd7 11. Bg5 Qb6 12. Nb3 a5 13. Qd2 a4 14. Be3 Qd8 15. Nd4
Nc5 16. Rfd1 Nfd7 17. Nc2 Be5 18. Bg5 Qb6 19. Rab1 Nf8 20. Bh6 Qa5 21. Ne3 Qd8
22. f4 Bxc3 23. Qxc3 f6 24. Bf3 Nxe4 25. Qc2 f5 26. Bxe4 Rxe4 27. Ng4 Ne6 28.
Nf2 Rd4 29. Rxd4 Nxd4 30. Qc3 c5 31. Re1 Be6 32. Nh3 Qd7 33. Ng5 Re8 34. h3 Bf7
35. Rd1 b5 36. cxb5 Bd5 37. Rxd4 cxd4 38. Qxd4 Qb7 39. Kh2 Bxg2 40. Qxa4 Bh1
41. Qc4+ Qd5 0-1

[Event "Aut_chT1112"]
[Site "Jenbach"]
[Date "2012.03.03"]
[Round "6"]
[Board "3"]
[White "Okhotnik, Vladimir"]
[Black "Geske, Julian"]
[Result "1-0"]
[WhiteElo "2489"]
[BlackElo "2383"]
[PlyCount "91"]
[EventDate "2012.01.20"]
[EventType "team"]
[EventRounds "11"]
[EventCountry "AUT"]
[WhiteTeam "SV Raika Rapid Feffernitz"]
[BlackTeam "SIR Bernhard Glatz"]

1. e4 d5 2. exd5 Qxd5 3. Nc3 Qa5 4. d4 Nf6 5. Bc4 Bg4 6. Nge2 Nc6 7. f3 Bf5 8.
O-O O-O-O 9. Bxf7 e5 10. Ng3 exd4 11. Nce4 Bd7 12. Nxf6 gxf6 13. f4 Kb8 14. a3
Ne7 15. b4 Qb6 16. Kh1 Ba4 17. Rf3 Bh6 18. Qe1 Nc8 19. Nf5 Bf8 20. Bb3 Bc6 21.
Rg3 Nd6 22. Nxd6 Bxd6 23. c4 dxc3 24. Be3 Qb5 25. Qxc3 Qf5 26. Bc2 Qh5 27. Qxf6
Rhg8 28. Bb3 Rgf8 29. Qd4 b6 30. Qc4 Bb5 31. Qc1 Rde8 32. Bd1 Qh4 33. Bf3 Bxf4
34. Bxf4 Qxf4 35. Qxf4 Rxf4 36. h3 Rf6 37. Rc1 a5 38. bxa5 bxa5 39. Rg7 c6 40.
Rxh7 Re3 41. Rd1 Rf8 42. Rdd7 Rxa3 43. Rb7+ Ka8 44. Ra7+ Kb8 45. Rhb7+ Kc8 46.
Bg4+ 1-0

[Event "Aut_chT1112"]
[Site "Jenbach"]
[Date "2012.03.03"]
[Round "6"]
[Board "5"]
[White "Schreiner, Peter"]
[Black "Schramm, Christian"]
[Result "0-1"]
[WhiteElo "2377"]
[BlackElo "2371"]
[PlyCount "55"]
[EventDate "2012.01.20"]
[EventType "team"]
[EventRounds "11"]
[EventCountry "AUT"]
[WhiteTeam "SV Raika Rapid Feffernitz"]
[BlackTeam "SIR Bernhard Glatz"]

1. d4 e6 2. c4 Nf6 3. Nf3 c5 4. d5 exd5 5. cxd5 d6 6. Nc3 g6 7. Bf4 a6 8. a4
Bg7 9. h3 O-O 10. e3 Qe7 11. Nd2 Nbd7 12. Be2 Rd8 13. O-O b6 14. Nc4 Ne8 15.
Ra3 Rb8 16. Rb3 f5 17. Re1 Qf6 18. Bh2 Bf8 19. e4 f4 20. Bg4 Ne5 21. Bxc8 Rdxc8
22. Nxb6 c4 23. Nxc8 Rxb3 24. Qd2 Nd3 25. Rb1 Bg7 26. Kh1 Qd8 27. Na7 Qb6 28.
Nc8 0-1

[Event "Aut_chT1112"]
[Site "Jenbach"]
[Date "2012.03.03"]
[Round "6"]
[Board "6"]
[White "Mons, Leon"]
[Black "Perhinig, Robert"]
[Result "1-0"]
[WhiteElo "2298"]
[BlackElo "2253"]
[PlyCount "57"]
[EventDate "2012.01.20"]
[EventType "team"]
[EventRounds "11"]
[EventCountry "AUT"]
[WhiteTeam "SIR Bernhard Glatz"]
[BlackTeam "SV Raika Rapid Feffernitz"]

1. e4 e6 2. d4 d5 3. Nc3 Bb4 4. a3 Bxc3+ 5. bxc3 dxe4 6. Qg4 Nf6 7. Qxg7 Rg8 8.
Qh6 Rg6 9. Qe3 b6 10. Ne2 Bb7 11. c4 Nbd7 12. Ng3 c5 13. c3 Qc7 14. Be2 O-O-O
15. a4 h5 16. h4 Ng4 17. Qf4 Qxf4 18. Bxf4 e5 19. Bg5 f6 20. Bxg4 hxg4 21. Nf5
Kc7 22. Be3 Ba6 23. a5 Bxc4 24. axb6+ Kxb6 25. dxc5+ Nxc5 26. Rb1+ Bb5 27. c4
a6 28. cxb5 axb5 29. O-O 1-0

[Event "Aut_chT1112"]
[Site "Jenbach"]
[Date "2012.03.03"]
[Round "6"]
[Board "1"]
[White "Volokitin, Andrei"]
[Black "Likavsky, Tomas"]
[Result "1-0"]
[WhiteElo "2695"]
[BlackElo "2486"]
[PlyCount "152"]
[EventDate "2012.01.20"]
[EventType "team"]
[EventRounds "11"]
[EventCountry "AUT"]
[WhiteTeam "SK Sparkasse Jenbach"]
[BlackTeam "SK Zwettl"]

1. e4 c5 2. Nf3 d6 3. d4 cxd4 4. Nxd4 Nf6 5. Nc3 Nc6 6. Bg5 e6 7. Qd2 Qb6 8.
Nb3 Be7 9. Bxf6 Bxf6 10. Qxd6 Be5 11. Qc5 Qxc5 12. Nxc5 Ke7 13. O-O-O b6 14.
Bb5 Na5 15. Nd3 Bxc3 16. bxc3 Bb7 17. Ne5 Rhd8 18. f3 f6 19. Rxd8 Rxd8 20. Ng4
Rc8 21. Kb2 Rc5 22. Be2 e5 23. Ne3 Bc8 24. h4 Be6 25. h5 Nb7 26. g3 Nd6 27. Bd3
Bf7 28. h6 g6 29. f4 Be6 30. Rf1 exf4 31. gxf4 Rh5 32. f5 Bf7 33. Ng4 gxf5 34.
exf5 Bd5 35. Rf4 Bc6 36. Rd4 Nxf5 37. Rc4 Bf3 38. Rc7+ Kd6 39. Nxf6 Kxc7 40.
Nxh5 Nxh6 41. Nf4 Kd6 42. Bxh7 Ng4 43. c4 Ne5 44. Kc3 Bg4 45. Be4 Nd7 46. Kd4
Nc5 47. Bd5 Bf5 48. Nd3 Bg6 49. Nb4 Bf5 50. Kc3 Na4+ 51. Kd2 Bd7 52. Nd3 Bf5
53. Ke3 Nc5 54. Bf3 Be6 55. Kd4 Bf5 56. Nb4 Bg6 57. Bg4 Bh7 58. Bh5 Bf5 59. Bd1
Bg6 60. Nd5 Bf5 61. Ne3 Bh7 62. Be2 Ne6+ 63. Kc3 Kc5 64. Bd3 Bg8 65. Nf5 Nd8
66. Ng3 Bf7 67. Ne4+ Kc6 68. Nd2 Bh5 69. Be4+ Kd6 70. Bd5 Bg6 71. Nb3 Nc6 72.
Nd4 Bf7 73. a3 a5 74. Nf3 Bg6 75. Ne5 Kc7 76. Nd3 Bf5 1-0

[Event "Aut_chT1112"]
[Site "Jenbach"]
[Date "2012.03.03"]
[Round "6"]
[Board "2"]
[White "Blatny, Pavel"]
[Black "Gyimesi, Zoltan"]
[Result "1/2-1/2"]
[WhiteElo "2396"]
[BlackElo "2652"]
[PlyCount "323"]
[EventDate "2012.01.20"]
[EventType "team"]
[EventRounds "11"]
[EventCountry "AUT"]
[WhiteTeam "SK Zwettl"]
[BlackTeam "SK Sparkasse Jenbach"]

1. d4 Nf6 2. Nf3 d5 3. Bf4 c5 4. c3 Qb6 5. Qb3 Nc6 6. Nbd2 Qxb3 7. Nxb3 c4 8.
Nbd2 b5 9. Ne5 Bb7 10. a4 a6 11. axb5 axb5 12. Rxa8+ Bxa8 13. g3 Nxe5 14. Bxe5
e6 15. Bg2 Be7 16. O-O Kd7 17. Ra1 Bb7 18. h3 Ra8 19. Rxa8 Bxa8 20. g4 Bc6 21.
Bf4 Ne8 22. Nf3 f6 23. g5 Nd6 24. gxf6 gxf6 25. Ne1 b4 26. cxb4 Nf5 27. Nf3
Bxb4 28. Bc1 Ba4 29. e3 Bc2 30. Nd2 Bd3 31. Bf3 Kd6 32. Bd1 e5 33. Nf3 Be4 34.
dxe5+ fxe5 35. Ng5 Bd3 36. Nxh7 d4 37. Ng5 c3 38. exd4 exd4 39. bxc3 dxc3 40.
Nf3 c2 41. Bxc2 Bxc2 42. Bd2 Ba3 43. h4 Kd5 44. Bg5 Ng7 45. Nd2 Bd3 46. Nf1 Ke4
47. Kg2 Ne6 48. Ng3+ Ke5 49. Be3 Bc2 50. h5 Bf8 51. h6 Nf4+ 52. Kh2 Bg6 53. Bd2
Bd6 54. Bc3+ Ke6 55. Bd4 Nd5 56. Kh3 Bf4 57. Bg7 Nf6 58. Kh4 Nd5 59. Kg4 Bd2
60. Ne2 Kf7 61. Nd4 Nf6+ 62. Kg3 Nh5+ 63. Kg4 Nxg7 64. hxg7 Kxg7 65. Nf3 Ba5
66. Ne5 Bc2 67. Nc4 Bc7 68. Ne3 Bb3 69. f4 Kf6 70. Kf3 Bg8 71. Ng4+ Kg6 72. Ne3
Bb3 73. Ke4 Bd6 74. Kf3 Ba4 75. Nc4 Bc7 76. Ne3 Bc6+ 77. Kg3 Be4 78. Nc4 Kh5
79. Ne3 Ba5 80. Ng2 Bb4 81. Kh3 Ba5 82. Kg3 Bc6 83. Kh3 Kg6 84. Kg3 Kf5 85.
Ne3+ Ke4 86. Ng2 Bd7 87. Kf2 Bb4 88. Kg3 Kd3 89. Kf2 Bc5+ 90. Kf3 Bc6+ 91. Kg3
Be8 92. Kg4 Bd7+ 93. Kf3 Kd2 94. Nh4 Bd6 95. Ng2 Bc6+ 96. Kf2 Be4 97. Kg3 Ke2
98. Nh4 Kf1 99. Nf3 Bb4 100. Nh4 Be1+ 101. Kg4 Kf2 102. Kg5 Kg3 103. Nf5+ Kh3
104. Nd6 Bh4+ 105. Kh5 Bd3 106. Nf7 Bf6 107. Nh6 Kg3 108. f5 Kf4 109. Kg6 Bc3
110. Kh5 Bb5 111. Kg6 Be8+ 112. Nf7 Bh8 113. Kh7 Bf6 114. Kg6 Be7 115. Kg7 Kxf5
116. Nh6+ Ke6 117. Ng8 Bb4 118. Nh6 Bc3+ 119. Kf8 Ba4 120. Ng8 Bd2 121. Kg7 Bc2
122. Kf8 Bb3 123. Kg7 Bc3+ 124. Kf8 Kf5 125. Ne7+ Kf6 126. Ng8+ Kg6 127. Ne7+
Kh7 128. Ke8 Kg7 129. Kd7 Kf6 130. Nc6 Be1 131. Kd6 Bd1 132. Kc7 Ke6 133. Nd8+
Kd5 134. Nb7 Bf2 135. Na5 Ke6 136. Nb7 Bf3 137. Nd8+ Ke7 138. Nb7 Bg3+ 139. Kb6
Kd7 140. Nc5+ Kc8 141. Kb5 Kc7 142. Kc4 Kc6 143. Nd3 Bd1 144. Nb2 Be2+ 145. Kb3
Kb5 146. Kc2 Bh5 147. Kb3 Be5 148. Kc2 Bf6 149. Kb3 Bg6 150. Nd1 Bf7+ 151. Kc2
Kb4 152. Ne3 Bg5 153. Kd3 Bg6+ 154. Ke2 Be4 155. Kf2 Bh4+ 156. Ke2 Kc3 157. Ng4
Kd4 158. Nh2 Bd3+ 159. Kf3 Bd8 160. Ng4 Bc7 161. Ne3 Bg6 162. Ng2 1/2-1/2

[Event "Aut_chT1112"]
[Site "Jenbach"]
[Date "2012.03.03"]
[Round "6"]
[Board "3"]
[White "Schlosser, Philipp"]
[Black "Schroll, Gerhard"]
[Result "1-0"]
[WhiteElo "2593"]
[BlackElo "2388"]
[PlyCount "145"]
[EventDate "2012.01.20"]
[EventType "team"]
[EventRounds "11"]
[EventCountry "AUT"]
[WhiteTeam "SK Sparkasse Jenbach"]
[BlackTeam "SK Zwettl"]

1. Nf3 Nf6 2. c4 e6 3. g3 d5 4. Bg2 c5 5. O-O Nc6 6. d4 Be7 7. dxc5 Bxc5 8. a3
dxc4 9. Qa4 O-O 10. Qxc4 Bb6 11. Nc3 e5 12. Rd1 Be6 13. Qh4 Qe7 14. Bg5 h6 15.
Bxf6 Qxf6 16. Qxf6 gxf6 17. Nd5 Bd8 18. Nd2 Kg7 19. Nc4 Rb8 20. Nd6 Nd4 21. e3
Nb3 22. Rab1 f5 23. Bh3 f4 24. Bxe6 fxe6 25. Nc3 fxe3 26. fxe3 Bg5 27. Nc4 b5
28. Rd7+ Kg8 29. Nxe5 Nd2 30. Re1 Rf5 31. Rxd2 Rxe5 32. Kf2 a5 33. h4 Rf8+ 34.
Kg2 b4 35. axb4 axb4 36. Nd1 Bf6 37. Rd4 Rb5 38. Re4 Kf7 39. Re2 b3 40. Rd2 Ke7
41. Rc4 Be5 42. Nc3 Rb7 43. Rc5 Bg7 44. g4 Ra8 45. Kf3 Raa7 46. Rd3 Rb4 47. e4
Rd7 48. Rxd7+ Kxd7 49. e5 Bf8 50. Ra5 Rc4 51. Ra8 Bg7 52. Ra7+ Kc6 53. Rxg7
Rxc3+ 54. Ke4 Rc4+ 55. Kd3 Rf4 56. Kc3 Kd5 57. Kxb3 Kxe5 58. h5 Rf8 59. Rg6 Rh8
60. Kc4 Rc8+ 61. Kd3 Rd8+ 62. Ke3 Rb8 63. Rxh6 Rb3+ 64. Kd2 Rxb2+ 65. Kc3 Rh2
66. Rg6 Kf4 67. h6 e5 68. g5 Rh3+ 69. Kc4 e4 70. Rg8 e3 71. Kd3 Rh2 72. g6 Rxh6
73. Rf8+ 1-0